| 000 | 00709nam a2200253Ia 4500 | ||
|---|---|---|---|
| 003 | OSt | ||
| 005 | 20220918174725.0 | ||
| 006 | a|||||r|||| 00| 0 | ||
| 007 | ta | ||
| 008 | 220917b |||||||| |||| 00| 0 eng d | ||
| 024 | _a13,782 | ||
| 037 | _cTextual | ||
| 040 |
_aARTS _cARTS _beng |
||
| 041 |
_2eng _aeng |
||
| 082 | _aNR92;32, L5.2-;1 | ||
| 100 |
_aHutchins Carleen M. Ed. _951492 |
||
| 245 | 0 | _aMusical acoustics | |
| 260 |
_aStroudsburg _bDowden , Hutchinson and Ross _c1975 |
||
| 490 | _aBenchmark papers in acoustics; 6 | ||
| 500 | _aIncludes Bibliography | ||
| 650 | _aARTS | ||
| 942 |
_hNR92;32, L5.2-;1 _cTEXL _2CC |
||
| 999 |
_c154387 _d154387 |
||